01232nam a2200325 a 4500001001100000003000800011006001900019007001500038008004100053010001700094020001500111020002100126040002100147035002000168050002800188082001400216100002000230245011000250260004400360300001100404504006600415533015200481650003300633650002100666650003300687655002900720710001700749856012500766999001500891ebr5001387CaPaEBRm u cr cn|||||||||950710s1995 enk sb 001 0 eng  z 95203936  z0415074320 z0415074339 (pbk) aCaPaEBRcCaPaEBR a(OCoLC)7076346714aBF175.5.S49bM34 1995eb04a155.32211 aMaguire, Marie.10aMen, women, passion, and powerh[electronic resource] :bgender issues in psychotherapy /cMarie Maguire. aLondon ;aNew York :bRoutledge,c1995. a248 p. aIncludes bibliographical references (p. [233]-241) and index. aElectronic reproduction.bPalo Alto, Calif. :cebrary,d2013.nAvailable via World Wide Web.nAccess may be limited to ebrary affiliated libraries. 0aSex differences (Psychology) 0aSex (Psychology) 0aPsychoanalysis and feminism. 7aElectronic books.2local2 aebrary, Inc.40uhttp://site.ebrary.com/lib/rucke/Doc?id=5001387zAn electronic book accessible through the World Wide Web; click to view c1165d1165